Municipios Región de Murcia - Estadísticas

Estadísticas generales
  • Esta prueba ha sido intentada 10 veces
  • La puntuación promedio es 31 de 45
Estadísticas de respuestas
Respuesta % Correcto
3 aguilas
100%
7 alhama de murcia
100%
15 cartagena
100%
20 fuente alamo
100%
23 lorca
100%
29 murcia
100%
34 san javier
100%
35 san pedro del pinatar
100%
2 abaran
83%
16 cehegin
83%
17 ceuti
83%
18 cieza
83%
37 torre pacheco
83%
39 totana
83%
43 yecla
83%
1 Abanilla
67%
5 alcantarilla
67%
45 aledo
67%
9 beniel
67%
10 blanca
67%
11 bullas
67%
12 calasparra
67%
14 caravaca de la cruz
67%
19 fortuna
67%
21 jumilla
67%
24 lorqui
67%
6 los alcazares
67%
25 mazarron
67%
26 molina de segura
67%
28 mula
67%
32 puerto lumbreras
67%
4 albudeite
50%
44 alguazas
50%
8 archena
50%
13 campos del rio
50%
22 librilla
50%
27 moratalla
50%
30 ojos
50%
31 pliego
50%
33 ricote
50%
36 santomera
50%
38 torres de cotillas
50%
40 ulea
50%
41 union
50%
42 villanueva del rio segura
33%
No se encontraron pruebas coincidentes
Distribución de puntuación
Porcentaje de gente con cada puntuación
Porcentaje por número respondido
Historial de tus puntuaciones
No has intentado esta prueba.